00927nam a22001817a 4500003000400000008004100004020001800045082001400063100002200077245003900099260003800138300000800176942001200184999001700196952017800213952017700391952017700568OSt240501b |||||||| |||| 00| 0 eng d a9788195400928 a388.4 KUL aSRINIVASA KUMAR,R aIntelligent Transportation Systems aNew DelhibUniversity Pressc2022 a138 2ddccBK c12588d12588 00102ddc40708BTECHCEaPIETbPIETd2024-04-23eZafaa Books and DistributorsfIn rupeesg375.00kZBD0469l0o388.4 KUIp36861r2024-05-01 00:00:00v262.50w2024-03-23yREF 00102ddc40708BTECHCEaPIETbPIETd2024-04-23eZafaa Books and DistributorsfIn rupeesg375.00kZBD0469l0o388.4 KUIp36862r2024-05-01 00:00:00v262.50w2024-03-23yBK 00102ddc40708BTECHCEaPIETbPIETd2024-04-23eZafaa Books and DistributorsfIn rupeesg375.00kZBD0469l0o388.4 KUIp36863r2024-05-01 00:00:00v262.50w2024-03-23yBK